<?xml version="1.0" encoding="UTF-8"?>
<record
    xmlns:xsi="http://www.w3.org/2001/XMLSchema-instance"
    xsi:schemaLocation="http://www.loc.gov/MARC21/slim http://www.loc.gov/standards/marcxml/schema/MARC21slim.xsd"
    xmlns="http://www.loc.gov/MARC21/slim">

  <leader>01682nam a2200289 a 4500</leader>
  <datafield tag="999" ind1=" " ind2=" ">
    <subfield code="c">532061</subfield>
    <subfield code="d">532061</subfield>
  </datafield>
  <controlfield tag="001">ASIN9694025435</controlfield>
  <controlfield tag="003">NUST</controlfield>
  <controlfield tag="005">20191107115229.0</controlfield>
  <controlfield tag="008">151014s2011    xxu                 eng d</controlfield>
  <datafield tag="020" ind1=" " ind2=" ">
    <subfield code="a">9694025435 (hardcover)</subfield>
  </datafield>
  <datafield tag="020" ind1=" " ind2=" ">
    <subfield code="a">9789694025438 (hardcover)</subfield>
  </datafield>
  <datafield tag="038" ind1=" " ind2=" ">
    <subfield code="a">MSOHAIL</subfield>
  </datafield>
  <datafield tag="040" ind1=" " ind2=" ">
    <subfield code="a">0</subfield>
  </datafield>
  <datafield tag="050" ind1="0" ind2="4">
    <subfield code="a">HD1698.P3</subfield>
  </datafield>
  <datafield tag="082" ind1="0" ind2="4">
    <subfield code="a">333.9100954</subfield>
    <subfield code="b">SID 2013</subfield>
  </datafield>
  <datafield tag="100" ind1="1" ind2=" ">
    <subfield code="a">Siqqiqui, Iqtidar.</subfield>
    <subfield code="9">25355</subfield>
  </datafield>
  <datafield tag="245" ind1="1" ind2="0">
    <subfield code="a">Hydro politics and water wars /</subfield>
    <subfield code="c">Iqtidar Siqqiqui.</subfield>
  </datafield>
  <datafield tag="260" ind1=" " ind2=" ">
    <subfield code="a">[S.l.] :</subfield>
    <subfield code="b">Vanguard,Pakistan,</subfield>
    <subfield code="c">2013.</subfield>
  </datafield>
  <datafield tag="300" ind1=" " ind2=" ">
    <subfield code="a">280 p. ;</subfield>
    <subfield code="c">24 cm.</subfield>
  </datafield>
  <datafield tag="520" ind1=" " ind2=" ">
    <subfield code="a">Water is an important input to irrigated agriculture. In Pakistan unfortunately, it is fast becoming a diminishing resource due to many reasons including global warming. To meet present and future requirements, water should be conserved in the country at as many places as possible. However, politics of water is not allowing it to happen. Hydro-Politics in Indus River Basin by Iqtidar H. Siddiqui is a comprehensive commentary on the management and utilization of Indus River system waters both internationally and domestically and describes the Hydro-Political forces, which do not permit advancement in water sector in the country. The book infect gives a 'wake-up call' to the country in view of diminishing water resources, expected 'water disaster' due to climate change and hydro-political forces in the country.</subfield>
  </datafield>
  <datafield tag="650" ind1=" " ind2="0">
    <subfield code="a">India</subfield>
    <subfield code="9">25356</subfield>
  </datafield>
  <datafield tag="650" ind1=" " ind2="0">
    <subfield code="a">Pakistan</subfield>
    <subfield code="9">4651</subfield>
  </datafield>
  <datafield tag="650" ind1=" " ind2="0">
    <subfield code="a">Water-supply--Management</subfield>
    <subfield code="9">25357</subfield>
  </datafield>
  <datafield tag="650" ind1=" " ind2="0">
    <subfield code="a">Water-supply--Political aspects</subfield>
    <subfield code="9">25358</subfield>
  </datafield>
  <datafield tag="856" ind1="4" ind2="0">
    <subfield code="3">Amazon.com</subfield>
    <subfield code="u">http://www.amazon.com/exec/obidos/ASIN/9694025435/chopaconline-20</subfield>
  </datafield>
  <datafield tag="942" ind1=" " ind2=" ">
    <subfield code="2">ddc</subfield>
    <subfield code="c">BK</subfield>
  </datafield>
  <datafield tag="952" ind1=" " ind2=" ">
    <subfield code="0">0</subfield>
    <subfield code="1">0</subfield>
    <subfield code="2">ddc</subfield>
    <subfield code="4">0</subfield>
    <subfield code="7">0</subfield>
    <subfield code="a">NIT</subfield>
    <subfield code="b">NIT</subfield>
    <subfield code="d">2019-11-07</subfield>
    <subfield code="l">1</subfield>
    <subfield code="o">333.9100954 SID </subfield>
    <subfield code="p">NIT-11963</subfield>
    <subfield code="r">2023-07-12</subfield>
    <subfield code="s">2023-06-12</subfield>
    <subfield code="w">2019-11-07</subfield>
    <subfield code="y">BK</subfield>
  </datafield>
</record>
